| 000 | 00715nam a2200229Ia 4500 | ||
|---|---|---|---|
| 003 | OSt | ||
| 005 | 20240703142845.0 | ||
| 008 | 210716s2000 xx 000 0 und d | ||
| 020 | _a8125909303 | ||
| 040 | _cAIMIT LIBRARY | ||
| 041 | _aeng | ||
| 082 |
_a005.13311 _bEASK |
||
| 100 |
_aEaswarakumar, K S. _9172441 |
||
| 245 |
_aObject oriented data structures using c++ / _cBy K S Easwarakumar. |
||
| 250 | _a1st ed. | ||
| 260 |
_aNew Delhi : _bVikas Publishing House Pvt Ltd , _c2000. |
||
| 300 |
_axvi, 331p. ; _bPB _c24 cm. |
||
| 650 |
_aStacks and queues _9172442 |
||
| 650 |
_aBalanced search trees _9172443 |
||
| 650 |
_aSome special data structures _9172444 |
||
| 942 |
_2ddc _cBK _e1st ed. _k005.13311 EASK |
||
| 999 |
_c184813 _d184813 |
||